[Event "Club 608 Online 1 - Open B (-1600)"]
[Date "2021.04.10"]
[Round "3.20"]
[White "Nicolas, Quentin"]
[Black "Remtoula, Jamal"]
[Result "1-0"]
[BlackElo "1070"]
[WhiteElo "1099"]

1. e4 {[%clk 0:50:10.0]} e5 {[%clk 0:50:04.3]} 2. Nf3 {[%clk 0:50:18.3]} Nc6 {[%clk 0:50:04.8]} 3. Bc4 {[%clk 0:50:21.0]} Bc5 {[%clk 0:49:43.4]} 4. c3 {[%clk 0:50:24.8]} Nf6 {[%clk 0:49:17.0]} 5. d4 {[%clk 0:50:31.5]} exd4 {[%clk 0:47:19.3]} 6. cxd4 {[%clk 0:50:38.0]} Bb4+ {[%clk 0:46:50.7]} 7. Nc3 {[%clk 0:50:44.3]} 0-0 {[%clk 0:46:15.1]} 8. e5 {[%clk 0:49:49.7]} Ne8 {[%clk 0:42:23.3]} 9. 0-0 {[%clk 0:48:34.7]} d6 {[%clk 0:40:16.4]} 10. Bg5 {[%clk 0:47:20.3]} Qd7 {[%clk 0:39:21.1]} 11. d5 {[%clk 0:46:50.6]} Nxe5 {[%clk 0:37:22.5]} 12. Nxe5 {[%clk 0:45:54.0]} dxe5 {[%clk 0:36:30.7]} 13. Qb3 {[%clk 0:39:04.7]} Qd6 {[%clk 0:34:18.7]} 14. Ne4 {[%clk 0:37:26.5]} Qb6 {[%clk 0:32:32.7]} 15. a3 {[%clk 0:35:14.5]} Bd6 {[%clk 0:30:26.8]} 16. Qc3 {[%clk 0:33:29.6]} Qd4 {[%clk 0:29:00.9]} 17. Qxd4 {[%clk 0:33:16.1]} exd4 {[%clk 0:29:05.3]} 18. Rad1 {[%clk 0:33:15.2]} Be5 {[%clk 0:27:23.4]} 19. Be7 {[%clk 0:33:05.0]} Bg4 {[%clk 0:26:11.5]} 20. f3 {[%clk 0:32:59.7]} Bd7 {[%clk 0:21:36.3]} 21. Bxf8 {[%clk 0:32:46.7]} Kxf8 {[%clk 0:21:41.5]} 22. f4 {[%clk 0:31:46.3]} Bg4 {[%clk 0:20:54.1]} 23. fxe5 {[%clk 0:31:14.4]} Bxd1 {[%clk 0:20:52.9]} 24. Rxd1 {[%clk 0:31:22.7]} c6 {[%clk 0:20:53.1]} 25. dxc6 {[%clk 0:31:11.8]} bxc6 {[%clk 0:20:58.8]} 26. Rxd4 {[%clk 0:31:06.3]} Nc7 {[%clk 0:19:06.2]} 27. Rd7 {[%clk 0:30:50.0]} Ne6 {[%clk 0:18:10.6]} 28. Bxe6 {[%clk 0:30:51.3]} fxe6 {[%clk 0:18:15.1]} 29. Rb7 {[%clk 0:30:32.8]} h6 {[%clk 0:17:28.5]} 30. Nc5 {[%clk 0:30:28.3]} g5 {[%clk 0:16:57.4]} 31. Nxe6+ {[%clk 0:30:33.2]} Kg8 {[%clk 0:16:43.9]} 32. Rd7 {[%clk 0:30:19.3]} Rc8 {[%clk 0:16:35.7]} 33. Rd8+ {[%clk 0:30:24.3]} Rxd8 {[%clk 0:16:23.1]} 34. Nxd8 {[%clk 0:30:32.6]} Kf8 {[%clk 0:16:05.3]} 35. Nxc6 {[%clk 0:30:39.9]} a6 {[%clk 0:16:00.8]} 36. Kf2 {[%clk 0:30:37.9]} Kf7 {[%clk 0:16:02.1]} 37. Nb4 {[%clk 0:30:41.8]} a5 {[%clk 0:15:54.9]} 38. Nd3 {[%clk 0:30:46.8]} Ke6 {[%clk 0:15:53.4]} 39. Kf3 {[%clk 0:30:49.4]} h5 {[%clk 0:15:25.9]} 40. Ke4 {[%clk 0:30:54.3]} h4 {[%clk 0:15:26.6]} 41. h3 {[%clk 0:31:01.2]} a4 {[%clk 0:15:10.2]} 42. Nc5+ {[%clk 0:31:09.2]} Kf7 {[%clk 0:15:04.9]} 43. Kf5 {[%clk 0:31:17.2]} Kg7 {[%clk 0:14:48.9]} 44. Ke6 {[%clk 0:31:21.0]} Kf8 {[%clk 0:14:49.1]} 45. Kd7 {[%clk 0:31:29.0]} Kf7 {[%clk 0:14:41.4]} 46. e6+ {[%clk 0:31:37.5]} Kf6 {[%clk 0:14:35.6]} 47. e7 {[%clk 0:31:43.3]} g4 {[%clk 0:14:40.8]} 48. e8=Q {[%clk 0:31:41.9]} g3 {[%clk 0:14:45.5]} 49. Qf8+ {[%clk 0:31:46.5]} Ke5 {[%clk 0:14:37.2]} 50. Qd6+ {[%clk 0:31:54.7]} Kf5 {[%clk 0:14:34.8]} 51. Qe6+ {[%clk 0:32:02.4]} Kf4 {[%clk 0:14:34.2]} 52. Nd3+ {[%clk 0:32:05.7]} Kg5 {[%clk 0:14:24.9]} 53. Ne5 {[%clk 0:32:13.1]} Kf4 {[%clk 0:14:15.0]} 54. Ng6+ {[%clk 0:32:09.3]} Kg5 {[%clk 0:14:13.0]} 55. Nxh4 {[%clk 0:32:05.4]} Kxh4 {[%clk 0:14:11.2]} 56. Qg4# {[%clk 0:32:13.4]} 1-0

[Event "Club 608 Online 1 - Open B (-1600)"]
[Date "2021.04.10"]
[Round "4.1"]
[White "Nicot, Anna"]
[Black "Yastrebov, Andrey"]
[Result "1-0"]
[BlackCountry "FRA"]
[BlackElo "1442"]
[BlackFideId "551041936"]
[WhiteElo "1009"]

{Clock started by Black.} 1. e4 {[%clk 0:50:09.8]} e6 {[%clk 0:50:02.6]} 2. d4 {[%clk 0:50:17.0]} d5 {[%clk 0:50:05.0]} 3. Nc3 {[%clk 0:50:24.3]} Nf6 {[%clk 0:50:05.6]} 4. e5 {[%clk 0:50:29.9]} Nfd7 {[%clk 0:50:04.1]} 5. f4 {[%clk 0:50:36.3]} c5 {[%clk 0:49:51.8]} 6. Nf3 {[%clk 0:50:36.0]} Nc6 {[%clk 0:49:51.4]} 7. Be3 {[%clk 0:50:41.4]} Qb6 {[%clk 0:49:15.6]} 8. a3 {[%clk 0:50:38.4]} a6 {[%clk 0:48:01.3]} 9. Be2 {[%clk 0:50:43.4]} Be7 {[%clk 0:47:44.8]} 10. 0-0 {[%clk 0:50:47.6]} cxd4 {[%clk 0:47:39.6]} 11. Nxd4 {[%clk 0:50:48.5]} Bc5 {[%clk 0:47:37.0]} 12. Na4 {[%clk 0:50:15.1]} Qa7 {[%clk 0:47:28.4]} 13. Nxc5 {[%clk 0:50:10.9]} Qxc5 {[%clk 0:46:57.5]} 14. c3 {[%clk 0:50:10.6]} Nxd4 {[%clk 0:46:41.7]} 15. Bxd4 {[%clk 0:50:13.2]} Qc7 {[%clk 0:46:40.5]} 16. Qd2 {[%clk 0:48:28.3]} b6 {[%clk 0:46:38.4]} 17. Qe3 {[%clk 0:48:10.5]} Bb7 {[%clk 0:46:30.2]} 18. f5 {[%clk 0:48:11.8]} 0-0-0 {[%clk 0:44:19.4]} 19. Rac1 {[%clk 0:48:15.1]} Rhf8 {[%clk 0:42:29.0]} 20. c4 {[%clk 0:48:20.1]} dxc4 {[%clk 0:40:31.6]} 21. Rxc4 {[%clk 0:48:25.1]} Bc6 {[%clk 0:40:35.3]} 22. Rfc1 {[%clk 0:48:22.3]} Nb8 {[%clk 0:39:19.6]} 23. Bxb6 {[%clk 0:48:12.4]} Qb7 {[%clk 0:39:21.7]} 24. Bxd8 {[%clk 0:48:15.8]} Rxd8 {[%clk 0:39:24.2]} 25. Bf3 {[%clk 0:47:30.5]} Rd5 {[%clk 0:38:59.7]} 26. Bxd5 {[%clk 0:47:29.2]} exd5 {[%clk 0:39:07.6]} 27. R4c3 {[%clk 0:47:08.3]} Qxb2 {[%clk 0:38:14.3]} 28. Qa7 {[%clk 0:45:23.0]} Qb5 {[%clk 0:37:56.2]} 29. Rc5 {[%clk 0:44:52.3]} Qa4 {[%clk 0:37:47.8]} 30. Qxf7 {[%clk 0:44:33.2]} d4 {[%clk 0:37:39.1]} 31. Qe6+ {[%clk 0:44:12.4]} Kb7 {[%clk 0:37:33.0]} 32. Rb1+ {[%clk 0:43:39.9]} Ka8 {[%clk 0:36:55.5]} 33. Qc8 {[%clk 0:42:49.7]} Bb5 {[%clk 0:36:41.2]} 34. Qd8 {[%clk 0:41:49.9]} Qxa3 {[%clk 0:35:26.3]} 35. Qd5+ {[%clk 0:41:40.3]} Nc6 {[%clk 0:35:11.1]} 36. Rcxb5 {[%clk 0:41:14.3]} axb5 {[%clk 0:34:54.4]} 37. Qxc6+ {[%clk 0:41:12.2]} Ka7 {[%clk 0:34:58.2]} 38. Qxb5 {[%clk 0:40:34.7]} Qe7 {[%clk 0:34:42.1]} 39. Qa5# {[%clk 0:40:38.0]} 1-0

[Event "Club 608 Online 1 - Open A (-2200)"]
[Date "2021.04.10"]
[Round "4.1"]
[White "Matsumura, Cocoro"]
[Black "Vu Dinh, Adrien"]
[Result "1-0"]
[BlackElo "1816"]
[WhiteElo "1924"]

{Clock started by White.} 1. e4 {[%clk 0:50:08.5]} e5 {[%clk 0:50:03.4]} 2. Nf3 {[%clk 0:50:15.6]} Nc6 {[%clk 0:50:12.0]} 3. Bb5 {[%clk 0:50:23.5]} a6 {[%clk 0:50:19.6]} 4. Ba4 {[%clk 0:50:31.8]} Nf6 {[%clk 0:50:25.2]} 5. 0-0 {[%clk 0:50:39.7]} Bc5 {[%clk 0:50:30.0]} 6. c3 {[%clk 0:50:47.4]} 0-0 {[%clk 0:50:37.2]} 7. d4 {[%clk 0:50:54.4]} Ba7 {[%clk 0:50:45.5]} 8. dxe5 {[%clk 0:50:57.1]} Nxe4 {[%clk 0:50:47.6]} 9. Qd5 {[%clk 0:50:45.6]} Nc5 {[%clk 0:50:54.4]} 10. Bc2 {[%clk 0:50:49.9]} Ne7 {[%clk 0:50:58.0]} 11. Qd4 {[%clk 0:50:49.3]} d5 {[%clk 0:50:20.0]} 12. exd6 {[%clk 0:50:12.1]} Qxd6 {[%clk 0:50:21.0]} 13. Qxd6 {[%clk 0:50:16.7]} cxd6 {[%clk 0:50:29.2]} 14. Bf4 {[%clk 0:49:31.6]} Rd8 {[%clk 0:48:46.8]} 15. Nbd2 {[%clk 0:47:54.5]} Bf5 {[%clk 0:48:21.1]} 16. Bxf5 {[%clk 0:44:24.1]} Nxf5 {[%clk 0:48:27.8]} 17. g4 {[%clk 0:44:32.4]} Nd3 {[%clk 0:46:59.7]} 18. Bg5 {[%clk 0:41:58.0]} f6 {[%clk 0:47:03.4]} 19. Bxf6 {[%clk 0:41:30.7]} gxf6 {[%clk 0:47:11.3]} 20. gxf5 {[%clk 0:41:38.4]} Nxb2 {[%clk 0:47:08.2]} 21. Rab1 {[%clk 0:41:09.1]} Na4 {[%clk 0:47:11.2]} 22. Ne4 {[%clk 0:41:09.9]} b5 {[%clk 0:46:15.1]} 23. Nxf6+ {[%clk 0:39:16.7]} Kg7 {[%clk 0:45:17.5]} 24. Nd5 {[%clk 0:39:05.1]} Rac8 {[%clk 0:44:55.5]} 25. Ng5 {[%clk 0:34:41.7]} Rd7 {[%clk 0:43:36.1]} 26. Ne4 {[%clk 0:33:01.2]} Rc4 {[%clk 0:40:17.9]} 27. Rb4 {[%clk 0:31:20.1]} Rxb4 {[%clk 0:36:24.0]} 28. cxb4 {[%clk 0:31:23.6]} Nb6 {[%clk 0:35:48.5]} 29. Nf4 {[%clk 0:30:32.0]} d5 {[%clk 0:34:13.5]} 30. Ne6+ {[%clk 0:28:17.3]} Kh6 {[%clk 0:33:12.7]} 31. Nf6 {[%clk 0:24:56.3]} Rf7 {[%clk 0:32:50.9]} 32. Ng4+ {[%clk 0:23:52.1]} Kh5 {[%clk 0:32:50.5]} 33. Ne5 {[%clk 0:23:59.8]} Re7 {[%clk 0:29:05.9]} 34. Rd1 {[%clk 0:21:58.4]} Nc4 {[%clk 0:24:21.0]} 35. Nc6 {[%clk 0:18:56.7]} Rd7 {[%clk 0:23:42.9]} 36. Nxa7 {[%clk 0:18:58.3]} Rxa7 {[%clk 0:23:51.2]} 37. Rxd5 {[%clk 0:19:05.9]} Rf7 {[%clk 0:22:58.6]} 38. Nc5 {[%clk 0:16:37.8]} Rf6 {[%clk 0:17:25.7]} 39. Ne4 {[%clk 0:15:56.5]} Rf7 {[%clk 0:16:43.2]} 40. f6+ {[%clk 0:12:45.8]} Kh6 {[%clk 0:15:52.8]} 41. f4 {[%clk 0:12:03.8]} Kg6 {[%clk 0:12:23.3]} 42. Rg5+ {[%clk 0:11:04.1]} Kh6 {[%clk 0:12:29.3]} 43. Nf2 {[%clk 0:11:09.1]} Ne3 {[%clk 0:12:25.3]} 44. Re5 {[%clk 0:10:35.1]} Rxf6 {[%clk 0:11:57.8]} 45. Rxe3 {[%clk 0:10:41.6]} Rxf4 {[%clk 0:12:05.2]} 46. Re4 {[%clk 0:10:31.8]} Rf3 {[%clk 0:10:55.0]} 47. Re6+ {[%clk 0:10:17.3]} Kg7 {[%clk 0:10:59.2]} 48. Rxa6 {[%clk 0:10:23.0]} Rf4 {[%clk 0:11:05.3]} 49. a3 {[%clk 0:10:26.9]} Rf3 {[%clk 0:11:13.2]} 50. Kg2 {[%clk 0:10:18.7]} Rb3 {[%clk 0:11:20.4]} 51. Ne4 {[%clk 0:10:16.6]} Rb2+ {[%clk 0:10:54.2]} 52. Kg3 {[%clk 0:10:20.9]} Rb3+ {[%clk 0:11:01.2]} 53. Kg4 {[%clk 0:10:20.6]} Rb2 {[%clk 0:11:08.8]} 54. h3 {[%clk 0:08:32.8]} Rb3 {[%clk 0:11:06.8]} 55. Nd6 {[%clk 0:08:31.9]} Rd3 {[%clk 0:10:59.6]} 56. Nxb5 {[%clk 0:08:31.0]} h5+ {[%clk 0:11:05.2]} 57. Kh4 {[%clk 0:08:16.4]} Re3 {[%clk 0:11:12.0]} 58. Nd6 {[%clk 0:08:10.2]} Rc3 {[%clk 0:11:04.9]} 59. b5 {[%clk 0:07:54.8]} Rd3 {[%clk 0:11:05.6]} 60. Nf5+ {[%clk 0:07:36.6]} Kh8 {[%clk 0:11:06.3]} 61. b6 {[%clk 0:07:11.7]} Rc3 {[%clk 0:10:54.7]} 62. b7 {[%clk 0:07:03.0]} Kh7 {[%clk 0:11:01.1]} 63. Rh6+ {[%clk 0:07:03.6]} Kg8 {[%clk 0:11:09.1]} 64. b8=Q+ {[%clk 0:07:10.1]} Rc8 {[%clk 0:11:16.4]} 65. Qxc8+ {[%clk 0:07:17.9]} Kf7 {[%clk 0:11:25.3]} 66. Qd7+ {[%clk 0:07:23.3]} Kg8 {[%clk 0:11:33.5]} 67. Qg7# {[%clk 0:07:31.5]} 1-0

[Event "Club 608 Online 1 - Open C (-1200)"]
[Date "2021.04.10"]
[Round "4.1"]
[White "92270, Anais"]
[Black "Pablo, Aubert"]
[Result "1-0"]
[BlackElo "1199"]
[WhiteElo "1009"]

{Clock started by White.} 1. e4 {[%clk 0:50:06.4]} e6 {[%clk 0:50:05.4]} 2. d4 {[%clk 0:50:13.1]} d5 {[%clk 0:50:12.7]} 3. exd5 {[%clk 0:50:19.7]} exd5 {[%clk 0:50:20.5]} 4. Nf3 {[%clk 0:50:21.6]} Nf6 {[%clk 0:49:15.2]} 5. Nc3 {[%clk 0:50:28.3]} Bb4 {[%clk 0:46:38.2]} 6. Bd2 {[%clk 0:50:08.8]} 0-0 {[%clk 0:44:25.3]} 7. Be2 {[%clk 0:50:14.9]} b6 {[%clk 0:42:34.4]} 8. 0-0 {[%clk 0:50:20.2]} c5 {[%clk 0:42:15.0]} 9. dxc5 {[%clk 0:50:22.5]} bxc5 {[%clk 0:42:21.7]} 10. Bg5 {[%clk 0:50:15.6]} Bxc3 {[%clk 0:38:02.9]} 11. bxc3 {[%clk 0:50:21.6]} Be6 {[%clk 0:38:10.4]} 12. Ne5 {[%clk 0:49:17.2]} h6 {[%clk 0:35:45.1]} 13. Bh4 {[%clk 0:49:03.0]} Re8 {[%clk 0:34:04.7]} 14. c4 {[%clk 0:48:51.8]} d4 {[%clk 0:32:04.0]} 15. Bf3 {[%clk 0:48:39.3]} Nbd7 {[%clk 0:28:36.0]} 16. Bxa8 {[%clk 0:48:28.5]} Qxa8 {[%clk 0:28:39.5]} 17. Nd3 {[%clk 0:47:03.1]} Ne4 {[%clk 0:22:53.9]} 18. Re1 {[%clk 0:44:09.7]} Nc3 {[%clk 0:21:47.1]} 19. Qd2 {[%clk 0:43:27.3]} Bg4 {[%clk 0:15:22.2]} 20. Rxe8+ {[%clk 0:41:20.3]} Qxe8 {[%clk 0:15:29.2]} 21. Re1 {[%clk 0:41:15.2]} Be2 {[%clk 0:14:47.0]} 22. Nf4 {[%clk 0:40:29.3]} Qe4 {[%clk 0:12:06.3]} 23. Nxe2 {[%clk 0:39:44.9]} Nxe2+ {[%clk 0:09:51.1]} 24. Rxe2 {[%clk 0:39:47.1]} Qxh4 {[%clk 0:09:58.8]} 25. Re8+ {[%clk 0:39:37.6]} Nf8 {[%clk 0:09:43.3]} 26. Qa5 {[%clk 0:38:06.7]} Qg5 {[%clk 0:08:50.3]} 27. g3 {[%clk 0:37:53.8]} Qc1+ {[%clk 0:08:24.1]} 28. Kg2 {[%clk 0:37:51.3]} Qxc2 {[%clk 0:08:28.9]} 29. Qxc5 {[%clk 0:37:50.2]} d3 {[%clk 0:07:10.2]} 30. Rxf8+ {[%clk 0:37:30.6]} Kh7 {[%clk 0:07:12.9]} 31. Rd8 {[%clk 0:37:24.4]} d2 {[%clk 0:06:44.6]} 32. Qd4 {[%clk 0:37:15.4]} Qxa2 {[%clk 0:05:31.0]} 33. Qxd2 {[%clk 0:37:17.2]} Qxc4 {[%clk 0:05:36.5]} 34. Qd3+ {[%clk 0:37:18.4]} Qxd3 {[%clk 0:05:05.4]} 35. Rxd3 {[%clk 0:37:24.8]} g5 {[%clk 0:05:06.7]} 36. Ra3 {[%clk 0:37:32.1]} f6 {[%clk 0:04:58.4]} 37. Rxa7+ {[%clk 0:37:39.3]} Kg6 {[%clk 0:05:06.8]} 38. Ra6 {[%clk 0:37:44.9]} h5 {[%clk 0:05:12.1]} 39. h3 {[%clk 0:37:47.0]} h4 {[%clk 0:04:12.1]} 40. gxh4 {[%clk 0:37:52.8]} gxh4 {[%clk 0:04:04.3]} 41. Kf3 {[%clk 0:37:27.1]} Kg5 {[%clk 0:03:55.2]} 42. Ra5+ {[%clk 0:37:29.9]} f5 {[%clk 0:04:02.9]} 43. Ke3 {[%clk 0:37:25.9]} Kh5 {[%clk 0:02:27.1]} 44. Kf4 {[%clk 0:37:21.0]} Kg6 {[%clk 0:02:12.6]} 45. Rxf5 {[%clk 0:37:25.6]} Kh6 {[%clk 0:02:02.5]} 46. Rg5 {[%clk 0:37:24.7]} Kh7 {[%clk 0:02:02.7]} 47. Rg1 {[%clk 0:37:31.7]} Kh6 {[%clk 0:01:57.0]} 48. Kf5 {[%clk 0:37:38.5]} Kh5 {[%clk 0:02:01.9]} 49. Rg4 {[%clk 0:37:22.6]} Kh6 {[%clk 0:02:05.1]} 50. Ke6 {[%clk 0:37:16.2]} Kh5 {[%clk 0:01:55.3]} 51. f4 {[%clk 0:37:18.0]} Kh6 {[%clk 0:02:01.2]} 52. f5 {[%clk 0:37:26.2]} Kh5 {[%clk 0:02:05.0]} 53. f6 {[%clk 0:37:34.3]} Kh6 {[%clk 0:02:12.2]} 54. f7 {[%clk 0:37:42.2]} Kh7 {[%clk 0:02:17.9]} 55. f8=R {[%clk 0:37:38.7]} Kh6 {[%clk 0:02:18.3]} 56. Rh8# {[%clk 0:37:46.3]} 1-0

[Event "Club 608 Online 1 - Open B (-1600)"]
[Date "2021.04.10"]
[Round "4.2"]
[White "Wu, Clara"]
[Black "Yu, Matthieu"]
[Result "0-1"]
[BlackElo "1199"]
[WhiteElo "1403"]

1. d4 {[%clk 0:50:10.0]} d5 {[%clk 0:50:06.8]} 2. c4 {[%clk 0:50:17.6]} c6 {[%clk 0:49:56.7]} 3. Nf3 {[%clk 0:50:06.9]} Nf6 {[%clk 0:50:03.3]} 4. Nbd2 {[%clk 0:50:07.4]} Bf5 {[%clk 0:50:00.8]} 5. g3 {[%clk 0:49:40.2]} h6 {[%clk 0:50:03.4]} 6. Bg2 {[%clk 0:49:44.8]} e6 {[%clk 0:50:01.1]} 7. 0-0 {[%clk 0:49:50.7]} Be7 {[%clk 0:50:02.8]} 8. Re1 {[%clk 0:49:53.0]} Nbd7 {[%clk 0:49:59.9]} 9. h3 {[%clk 0:48:57.7]} 0-0 {[%clk 0:49:59.7]} 10. Ne5 {[%clk 0:49:01.3]} Nxe5 {[%clk 0:49:59.1]} 11. dxe5 {[%clk 0:48:54.5]} Nd7 {[%clk 0:49:56.6]} 12. e4 {[%clk 0:48:28.3]} dxe4 {[%clk 0:49:55.0]} 13. Nxe4 {[%clk 0:48:01.1]} Nxe5 {[%clk 0:49:55.3]} 14. b3 {[%clk 0:47:57.4]} Nd3 {[%clk 0:49:53.7]} 15. Rf1 {[%clk 0:47:06.0]} Nxc1 {[%clk 0:49:49.2]} 16. Rxc1 {[%clk 0:47:13.3]} Qc7 {[%clk 0:49:49.6]} 17. Qe2 {[%clk 0:46:49.4]} Rfd8 {[%clk 0:49:53.3]} 18. Rfd1 {[%clk 0:46:51.4]} Qe5 {[%clk 0:49:43.1]} 19. Qf3 {[%clk 0:46:13.0]} Ba3 {[%clk 0:49:12.8]} 20. Rxd8+ {[%clk 0:44:12.7]} Rxd8 {[%clk 0:49:14.2]} 21. Rf1 {[%clk 0:43:50.6]} Bg6 {[%clk 0:49:03.2]} 22. Kh2 {[%clk 0:41:49.2]} Rd4 {[%clk 0:48:56.2]} 23. Re1 {[%clk 0:39:29.6]} f5 {[%clk 0:48:57.8]} 24. Qe3 {[%clk 0:39:18.2]} fxe4 {[%clk 0:48:54.0]} 25. f3 {[%clk 0:38:50.3]} Rd3 {[%clk 0:48:38.8]} 26. Qe2 {[%clk 0:35:59.2]} e3 {[%clk 0:48:41.3]} 27. f4 {[%clk 0:35:15.5]} Qc3 {[%clk 0:47:55.8]} 28. Kg1 {[%clk 0:33:34.7]} Rd2 {[%clk 0:47:50.0]} 29. Qxe3 {[%clk 0:32:44.1]} Qxe3+ {[%clk 0:47:52.4]} 30. Rxe3 {[%clk 0:32:50.9]} Bc5 {[%clk 0:47:56.0]} {White Resigned} 0-1

[Event "Club 608 Online 1 - Open C (-1200)"]
[Date "2021.04.10"]
[Round "4.2"]
[White "Campan, Antoine"]
[Black "Aurélien, Alata"]
[Result "0-1"]
[BlackElo "1061"]
[WhiteElo "1009"]

{Clock started by Black. White stopped clock for 384 seconds.} 1. e4 {[%clk 0:48:54.1]} c5 {[%clk 0:50:05.8] Arbiter adjusted W@0:49:50.0 and B@0:50:05.0. Arbiter stopped clock for 23 seconds.} 2. Nf3 {[%clk 0:49:52.1]} d6 {[%clk 0:50:10.7]} 3. d4 {[%clk 0:49:49.7]} cxd4 {[%clk 0:50:15.1]} 4. Nxd4 {[%clk 0:49:55.5]} Nf6 {[%clk 0:50:12.4]} 5. Nc3 {[%clk 0:49:43.6]} e6 {[%clk 0:50:12.6]} 6. Bg5 {[%clk 0:49:30.2]} Be7 {[%clk 0:50:12.5]} 7. Bb5+ {[%clk 0:49:06.5]} Bd7 {[%clk 0:50:03.0]} 8. Bxd7+ {[%clk 0:48:57.3]} Nbxd7 {[%clk 0:50:04.7]} 9. 0-0 {[%clk 0:48:35.5]} 0-0 {[%clk 0:49:55.9]} 10. Qf3 {[%clk 0:48:06.1]} Ne5 {[%clk 0:48:40.3]} 11. Qg3 {[%clk 0:47:16.2]} h6 {[%clk 0:45:40.7]} 12. Bxh6 {[%clk 0:47:18.1]} Neg4 {[%clk 0:44:40.6]} 13. Bd2 {[%clk 0:45:54.7]} Qb6 {[%clk 0:37:25.9]} 14. Ncb5 {[%clk 0:45:04.4]} a6 {[%clk 0:36:59.9]} 15. Nc3 {[%clk 0:43:57.6]} Qxd4 {[%clk 0:36:47.8]} 16. Rad1 {[%clk 0:43:44.6] White offered a draw.} Qb6 {[%clk 0:36:00.4]} 17. h3 {[%clk 0:43:17.2]} Ne5 {[%clk 0:35:33.5]} 18. Bh6 {[%clk 0:43:13.1]} Ng6 {[%clk 0:35:31.8]} 19. Bc1 {[%clk 0:42:40.4]} Qb4 {[%clk 0:34:15.8]} 20. f3 {[%clk 0:41:52.7]} Qb6+ {[%clk 0:34:03.0]} 21. Kh1 {[%clk 0:41:37.2]} Rac8 {[%clk 0:33:27.6]} 22. Na4 {[%clk 0:40:42.5]} Qb5 {[%clk 0:32:44.1]} 23. Nc3 {[%clk 0:40:26.2]} Qe5 {[%clk 0:32:24.7]} 24. f4 {[%clk 0:39:58.2]} Qh5 {[%clk 0:31:56.4]} 25. Rde1 {[%clk 0:38:26.5]} Qh4 {[%clk 0:31:17.8]} 26. Qh2 {[%clk 0:37:53.8]} Rfd8 {[%clk 0:30:37.7]} 27. e5 {[%clk 0:36:53.6]} dxe5 {[%clk 0:29:48.5]} 28. fxe5 {[%clk 0:36:36.1] White offered a draw.} Nh5 {[%clk 0:29:04.8]} 29. Re3 {[%clk 0:33:12.5]} Bc5 {[%clk 0:28:36.5]} 30. Re4 {[%clk 0:31:40.4]} Ng3+ {[%clk 0:28:11.8]} 31. Qxg3 {[%clk 0:31:27.9]} Qxg3 {[%clk 0:28:00.7]} 32. Rf3 {[%clk 0:31:13.5]} Qxf3 {[%clk 0:27:18.9]} 33. gxf3 {[%clk 0:31:17.6]} Bd4 {[%clk 0:27:15.1]} 34. Bg5 {[%clk 0:29:52.0]} Rd7 {[%clk 0:26:46.3]} 35. Bd2 {[%clk 0:29:03.1]} Bxe5 {[%clk 0:26:18.2]} 36. h4 {[%clk 0:28:20.2]} Rxd2 {[%clk 0:26:12.1] White offered a draw.} {White Resigned} 0-1

[Event "Club 608 Online 1 - Open A (-2200)"]
[Date "2021.04.10"]
[Round "4.2"]
[White "Delin, Valère"]
[Black "Gherghinoiu, Lucas"]
[Result "0-1"]
[BlackElo "2096"]
[WhiteElo "2049"]

{Clock started by White.} 1. e4 {[%clk 0:50:04.5]} c5 {[%clk 0:50:02.8]} 2. Nf3 {[%clk 0:50:12.9]} Nc6 {[%clk 0:50:04.7]} 3. d4 {[%clk 0:50:20.8]} cxd4 {[%clk 0:50:08.4]} 4. Nxd4 {[%clk 0:50:29.3]} Nf6 {[%clk 0:50:11.3]} 5. Nc3 {[%clk 0:50:29.3]} e5 {[%clk 0:50:10.5]} 6. Ndb5 {[%clk 0:49:44.7]} d6 {[%clk 0:50:06.1]} 7. Bg5 {[%clk 0:49:40.9]} a6 {[%clk 0:50:04.7]} 8. Bxf6 {[%clk 0:49:43.8]} gxf6 {[%clk 0:50:01.8]} 9. Na3 {[%clk 0:49:49.3]} b5 {[%clk 0:49:27.4]} 10. Nd5 {[%clk 0:46:42.5]} Bg7 {[%clk 0:48:39.9]} 11. Bd3 {[%clk 0:43:50.2]} Ne7 {[%clk 0:43:32.0]} 12. Nxe7 {[%clk 0:39:42.1]} Qxe7 {[%clk 0:42:10.4]} 13. c3 {[%clk 0:39:01.0]} 0-0 {[%clk 0:37:57.5]} 14. Nc2 {[%clk 0:38:20.4]} f5 {[%clk 0:35:04.3]} 15. 0-0 {[%clk 0:30:18.6]} f4 {[%clk 0:30:26.6]} 16. c4 {[%clk 0:28:14.5]} Qg5 {[%clk 0:24:19.9]} 17. f3 {[%clk 0:25:51.9]} Bf6 {[%clk 0:20:56.4]} 18. cxb5 {[%clk 0:22:25.8]} Bd8 {[%clk 0:19:23.8]} 19. Kh1 {[%clk 0:21:55.1]} Kh8 {[%clk 0:18:13.7]} 20. Nb4 {[%clk 0:19:29.7]} Rg8 {[%clk 0:16:15.4]} 21. Qd2 {[%clk 0:19:02.2]} Bb6 {[%clk 0:14:45.7]} 22. Nd5 {[%clk 0:17:44.0]} Bd4 {[%clk 0:14:33.2]} 23. Rfe1 {[%clk 0:15:37.5]} Qh4 {[%clk 0:12:29.2]} 24. Bf1 {[%clk 0:13:52.0]} Rg6 {[%clk 0:10:21.0]} 25. g4 {[%clk 0:08:15.6]} fxg3 {[%clk 0:08:40.2]} 26. Ne3 {[%clk 0:08:14.7]} gxh2 {[%clk 0:05:39.2]} 27. Bg2 {[%clk 0:08:05.1]} axb5 {[%clk 0:04:07.3]} 28. a3 {[%clk 0:07:46.3]} Be6 {[%clk 0:03:41.2]} 29. Rac1 {[%clk 0:07:35.2]} Rag8 {[%clk 0:03:29.2]} 30. Re2 {[%clk 0:06:05.7]} Bxe3 {[%clk 0:01:29.3]} 31. Qxe3 {[%clk 0:06:11.2]} Bh3 {[%clk 0:01:35.0]} 32. Rcc2 {[%clk 0:06:00.7]} Bxg2+ {[%clk 0:01:36.4]} 33. Rxg2 {[%clk 0:06:08.0]} Rxg2 {[%clk 0:01:43.3]} {White Resigned} 0-1